| 000 | 004080000a22001570004500 | ||
|---|---|---|---|
| 003 | MACL | ||
| 040 | _aMACL | ||
| 090 |
_c2014 _d2014 |
||
| 100 | _aSanyal, kalyan | ||
| 245 |
_aRethinking Capitalist Development _bPrimitive Accumulatuion,Governmentality & Post ̜Colonial Capitalisms |
||
| 260 |
_bRoutledge _c2007 |
||
| 350 | _a595 | ||
| 650 | _aPolitical Science | ||
| 942 |
_cBOOK _k320 |
||
| 951 | _o320 BOOK | ||
| 999 |
_c2000 _d2000 |
||